Ingreso al 3er. ciclo eegb-uns año 2002; matemática /

Guardado en:
Autor Principal: Friedli, Beatríz Micaela
Formato: Libro
Publicado: Bah¡a Blanca : Imprenta Uns, 2001
Materias:
Etiquetas: Agregar Etiqueta
Sin Etiquetas, Sea el primero en etiquetar este registro!
LEADER 00566nam a22001815a 4500
001 CEM.cems011521
005 20060214000000.0
008 130507s2001##################000#0#####d
003 CEMS
082 0 4 |a F510 
100 1 |a Friedli, Beatríz Micaela 
245 1 0 |a Ingreso al 3er. ciclo eegb-uns año 2002; matemática /  |c Beatríz Micaela Friedli 
260 |a Bah¡a Blanca :  |b Imprenta Uns,  |c 2001 
300 |a 40 p. 
653 |a Matematica 
653 |a Ingreso egb3-a¥o 2002 
653 |a Matematica-ingreso egb3 
859 |a CEMS  |b BIB. CEMS - 11 de abril  |h F510  |i 6-3  |p 2008.44  |t Ej.1